000 00776nam a2200253Ia 4500
003 OSt
005 20220928125023.0
006 a|||||r|||| 00| 0
007 ta
008 220927b |||||||| |||| 00| 0 eng d
020 _c9896.9099999999999
024 _a119565
037 _b112, 13/09/2013, Vardhman Books
_cTextual
040 _aSDCL
_cSDCL
_beng
041 _2eng
_aeng
082 _aX:(G:55), Q3
100 _aSerafy Salah El
_9467612
245 0 _aMacroeconomics and the environment
_b Essays on green accounting.
260 _aUK
_bEdward Elgar
_c2013
300 _axvi;380p.
_ccm.
650 _aBusiness Economics
_9391653
942 _hX:(G:55), Q3
_cTEXL
_2CC
999 _c780485
_d780485